<?xml version="1.0" encoding="UTF-8"?>
<collection xmlns:xsi="http://www.w3.org/2001/XMLSchema-instance" xsi:schemaLocation="http://www.loc.gov/MARC21/slim http://www.loc.gov/standards/marcxml/schema/MARC21slim.xsd" xmlns="http://www.loc.gov/MARC21/slim">
 <record>
  <leader>00000cam a22000004i 4500</leader>
  <controlfield tag="001">UP-99796217612791628</controlfield>
  <controlfield tag="003">Buklod</controlfield>
  <controlfield tag="005">20180703135853.0</controlfield>
  <controlfield tag="006">a     r    |||| u|</controlfield>
  <controlfield tag="007">ta</controlfield>
  <controlfield tag="008">040506s2005    njua    rb   |001 0|eng d</controlfield>
  <datafield tag="020" ind1=" " ind2=" ">
   <subfield code="a">1588292673 (alk. paper)</subfield>
  </datafield>
  <datafield tag="035" ind1=" " ind2=" ">
   <subfield code="a">(iLib)UPD-00366412403</subfield>
  </datafield>
  <datafield tag="040" ind1=" " ind2=" ">
   <subfield code="a">DLC</subfield>
   <subfield code="d">DSCI</subfield>
   <subfield code="e">rda</subfield>
  </datafield>
  <datafield tag="041" ind1=" " ind2=" ">
   <subfield code="a">eng</subfield>
  </datafield>
  <datafield tag="090" ind1=" " ind2=" ">
   <subfield code="a">QP 88.5</subfield>
   <subfield code="b">E65 2005</subfield>
  </datafield>
  <datafield tag="245" ind1="0" ind2="0">
   <subfield code="a">Epidermal cells</subfield>
   <subfield code="b">methods and protocols</subfield>
   <subfield code="c">edited by Kursad Turksen.</subfield>
  </datafield>
  <datafield tag="264" ind1=" " ind2="1">
   <subfield code="a">Totowa, N.J.</subfield>
   <subfield code="b">Humana Press</subfield>
   <subfield code="c">[2005]</subfield>
  </datafield>
  <datafield tag="300" ind1=" " ind2=" ">
   <subfield code="a">xv, 480 pages</subfield>
   <subfield code="b">illustrations</subfield>
   <subfield code="c">26 cm.</subfield>
  </datafield>
  <datafield tag="336" ind1=" " ind2=" ">
   <subfield code="a">text</subfield>
   <subfield code="2">rdacontent</subfield>
  </datafield>
  <datafield tag="337" ind1=" " ind2=" ">
   <subfield code="a">unmediated</subfield>
   <subfield code="2">rdamedia</subfield>
  </datafield>
  <datafield tag="338" ind1=" " ind2=" ">
   <subfield code="a">volume</subfield>
   <subfield code="2">rdacarrier</subfield>
  </datafield>
  <datafield tag="490" ind1="1" ind2=" ">
   <subfield code="a">Methods in molecular biology</subfield>
   <subfield code="v">v. 289</subfield>
  </datafield>
  <datafield tag="504" ind1=" " ind2=" ">
   <subfield code="a">Includes bibliographical references and index.</subfield>
  </datafield>
  <datafield tag="505" ind1="0" ind2=" ">
   <subfield code="a">Primary mouse keratinocyte culture / Annalisa Pirrone, Barbara Hager, and Philip Fleckman -- Serial cultivation of primary adult murine keratinocytes / Richard P. Redvers and Pritinder Kaur -- Keratinocyte culture in the absence of substrate attachment / Monika Jost and Ulrich Rodeck -- Application of genetically modified feeder cells for culture of keratinocytes / Takashi Kameda and Toshihiro Sugiyama -- Organ culture of developing mouse skin and its application for molecular mechanistic studies of morphogenesis / Mariko Kashiwaga and Nam-ho Huh -- Experimental models to analyze differentiation functions of cultured keratinocytes in vitro and in vivo / Nicole Maas-Szabowski, Norbert E. Fusenig, and Hans-Jürgen Stark -- In vitro fabrication of engineered human skin / Alexander Margulis, Weitian Zhang and Jonathan A. Garlick -- In vivo labeling and analysis of epidermal stem cells / Wei-yang Wu and Rebecca J. Morris -- Method for the harvest and assay of in vitro clonogenic keratinocytes stem cells from mice / Wei-yang Wu and Rebecca J. Morris -- FACS enrichment of human keratinocyte stem cells / Amy Li and Pritinder Kaur -- Isolation, characterization, and culture of epithelial stem cells / Jackie R. Bickenbach -- Keratin 19 as a stem cell marker in vivo and in vitro / Danielle Larouche [et al.] -- Immunolocalization in the epidermis / Tammy-Claire Troy [et al.] -- Epidermal cell analysis by RT-PCR / Tammy-Claire Troy [et al.] -- Whole-mount assays for gene induction and barrier formation in the developing epidermis / Carolyn Byrne and Matthew J. Hardman -- Analysis of early epidermal development in zebrafish / Ashley E. Webb and David Kimelman -- Analysis of E2F factors during epidermal differentiation / Wing Y. Chang and Lina Dagnino -- Analysis of HOX homeodomain proteins and gene transcript</subfield>
  </datafield>
  <datafield tag="505" ind1="0" ind2=" ">
   <subfield code="a">Apoptosis in the epidermis / Kiyofumi Yamanishi, Chun-Shen Shen and Hitoshi Mizutani -- Fate of desmosomal proteins in apoptotic epidermal cells / J. Weiske and Otmar Huber -- Analysis of connexin 43 expression on keratinocytes using flow cytometry / Maja Matic [et al.] -- MMP-9 and TIMP-1 assays in keratinocyte cultures / Takashi Kobayashi -- Characterization of epithelial cells in the hair follicle with S100 proteins / Kenji Kizawa and Mayumi Ito -- Immunoelectron microscopic analysis of cornified cell envelopes and antigen retrieval / Akemi Ishida-Yamamoto -- Cell kinetic analysis in artificial skin using immunochemical methods / Andrea Casasco [et al.] -- Proliferation, differentiation, and inflammation in normal and hyperproliferative skin using multiparameter flow cytometry / Piet E. J. van Erp -- Fluorimetric DNA assay of cell number / William R. Otto -- Keratinocyte transient transfections / Anthony M. Flores and Brian J. Aneskievich -- Tetracycline-regulated gene expression in epidermal keratinocytes / Richard B. Presland and Philip Fleckman -- Gene targeting by oligonucleotides in keratinocytes / Olga Igoucheva and Kyonggeun Yoon -- Promoter analysis in the human SPRR gene family / David F. Fischer and Claude Backendorf -- Stable integration of large PAC contructs in keratinocytes / Sarah H. Williams and Alain Hovnanian -- Targeted somatic mutagenesis in the mouse epidermis / Daniel Metzger, Mei Li, and Pierre Chambon -- Methods to study protein/protein interactions / Jin-jun Meng [et al.] -- Isolation of recombinant phage displayed antibodies recognizing skin keratinocytes / Kim Bak Jensen and Peter Kristensen -- Analysis of tissue-specific DNA methylation during development / Jun Ohgane, Naka Hattori and Kunio Shiota -- Serial analysis of gene expression in human keratinocytes and the epidermis / Bastiaan J. H. Jansen [et al.] -- Methods for gene expression profiling in dermatology research using dermarray nylon filter DNA microarrays / Richard L. Davis, Jr. [et al.] -- Two-photon fluorescence imaging and reactive oxygen species detection within the epidermis / Kerry M. Hanson and Robert M. Clegg -- In vivo transplantation of engineered human skin / Shari Greenberg, Alexander Margulis and Jonathan A. Garlick -- Epidermis targeted gene transfer using in vivo electroporation / Hiroki Maruyama, Jun-ichi Miyazaki, and Fumitake Gejyo -- Gene and stem cell therapy of the hair follicle / Robert M. Hoffman.</subfield>
  </datafield>
  <datafield tag="650" ind1=" " ind2="0">
   <subfield code="a">Epidermis</subfield>
   <subfield code="x">Physiology</subfield>
   <subfield code="x">Research</subfield>
   <subfield code="x">Methodology.</subfield>
  </datafield>
  <datafield tag="650" ind1=" " ind2="0">
   <subfield code="a">Epidermis</subfield>
   <subfield code="x">Cytology</subfield>
   <subfield code="x">Research</subfield>
   <subfield code="x">Methodology.</subfield>
  </datafield>
  <datafield tag="650" ind1=" " ind2="0">
   <subfield code="a">Epidermis</subfield>
   <subfield code="x">Cytology.</subfield>
  </datafield>
  <datafield tag="650" ind1=" " ind2="0">
   <subfield code="a">Cell culture</subfield>
   <subfield code="x">Methods.</subfield>
  </datafield>
  <datafield tag="650" ind1=" " ind2="0">
   <subfield code="a">Cytological techniques</subfield>
   <subfield code="x">Methods.</subfield>
  </datafield>
  <datafield tag="700" ind1="1" ind2=" ">
   <subfield code="a">Turksen, Kursad</subfield>
   <subfield code="e">editor.</subfield>
  </datafield>
  <datafield tag="830" ind1=" " ind2="0">
   <subfield code="a">Methods in molecular biology</subfield>
   <subfield code="v">v. 289.</subfield>
  </datafield>
  <datafield tag="905" ind1=" " ind2=" ">
   <subfield code="a">FO</subfield>
  </datafield>
  <datafield tag="852" ind1="0" ind2=" ">
   <subfield code="a">UPD</subfield>
   <subfield code="b">DSCI</subfield>
   <subfield code="h">QP 88.5 E65 2005</subfield>
  </datafield>
  <datafield tag="942" ind1=" " ind2=" ">
   <subfield code="a">Book</subfield>
  </datafield>
 </record>
</collection>
